Fall Away Lyric Quiz- twenty one pilots - Statistics

General Stats
  • This quiz has been taken 122 times
  • The average score is 199 of 238
Answer Stats
Hint Answer % Correct
. a
100%
. don't
99%
. fall
99%
. I
99%
. away
98%
. and
96%
. And
96%
. the
96%
. | .. wanna
96%
. my
94%
. My
94%
. | .. in
93%
. way
93%
. will
93%
. to
91%
. | .. Cause
90%
. on
89%
. it
88%
. time
88%
. up
88%
. feel
86%
. Feel
86%
. lights
86%
. me
86%
. so
86%
. you
86%
. can
85%
. I'll
85%
. I'm
85%
. place
85%
. this
85%
. apart
84%
. break
84%
. take
84%
. Take
84%
. want
84%
. keep
83%
. skin
83%
. thin
83%
. as
81%
. lie
81%
. precious
81%
. start
81%
. your
81%
. begin
80%
. try
80%
. die
79%
. from
79%
. wearing
79%
. but
78%
. But
78%
. dying
78%
. mine
78%
. fine
76%
. is
76%
. very
76%
. am
75%
. far
75%
. if
75%
. days
74%
. line
74%
. pull
74%
. believe
73%
. life
73%
. wait
73%
. | .. crime
71%
. know
71%
. lying
71%
. name
71%
. new
71%
. or
71%
. living
70%
. make
70%
. stand
70%
. of
69%
.. what
69%
. trying
68%
. Every
66%
. grace
65%
. taking
65%
. grave
64%
. It's
63%
. face
61%
. screaming
61%
. can't
60%
. destiny
60%
. lame
60%
. soul
60%
. submission
60%
. disguise
59%
. save
59%
. sentence
59%
. walk
59%
. newer
58%
. commission
56%
. delay
56%
. conscience
55%
. same
54%
. toll
54%
. aim
53%
. for
53%
. melt
53%
. abuse
51%
. ain't
50%
. ambition
50%
. selfish
50%
. vision
50%
. obtain
49%
. repentance
49%
. name's
44%
. sake
44%
. became
40%
No matching quizzes found
Score Distribution
Percent of People with Each Score
Percentile by Number Answered
Your Score History
You have not taken this quiz